Flags of Planet 518 - Statistics

General Stats
  • This quiz has been taken 2 times
  • The average score is 3 of 16
Answer Stats
Picture Answer % Correct
Elias's UN
100%
Reave's UN
100%
First Order of Sparta
50%
Eirene's Collective
0%
Gengis Khan Man
0%
Legion of Ares
0%
Nepal
0%
Pemo
0%
Persia
0%
Republic of Daveland
0%
Rowandan Kingdom
0%
Sakistan
0%
Seraphim Crele
0%
Solarathien Empire
0%
Spartan Empire
0%
Yugoslavia
0%
No matching quizzes found
Score Distribution
Percent of People with Each Score
Percentile by Number Answered
Your Score History
You have not taken this quiz